000 00322 a2200145 4500
001 154457
040 _cEscola São Tomás de Aquino
100 _aCHILD, Lauren
240 1 0 _aQuero ser grande
_lpor
245 1 0 _aQuero ser grande
362 0 _a2010
440 1 _aÁtica
697 _a*LITERATURA INFANTIL
942 _cBK
999 _c154457
_d154457